Percepción de las maestras en relación con las políticas de estímulo del centro educativo particular Trilce
Trata de la percepción de las maestras en relación con las políticas de estímulo del centro educativo particular Trilce.
Zapisane w:
| 1. autor: | |
|---|---|
| Korporacja: | |
| Kolejni autorzy: | |
| Format: | E-book |
| Język: | hiszpański |
| Wydane: |
Lima :
Pontificia Universidad Católica del Perú,
2010.
|
| Hasła przedmiotowe: | |
| Dostęp online: | https://elibro.unach.elogim.com/es/lc/unach/titulos/85768 |
| Etykiety: |
Dodaj etykietę
Nie ma etykietki, Dołącz pierwszą etykiete!
|
MARC
| LEADER | 00000nam a2200000 a 4500 | ||
|---|---|---|---|
| 001 | ELB85768 | ||
| 003 | FlNmELB | ||
| 006 | m o d | | ||
| 007 | cr cn||||||||| | ||
| 008 | 201201r2010 pe |||||s|||||||||||spa d | ||
| 024 | 8 | |z 71207122010 | |
| 035 | |a (MiAaPQ)EBC3201410 | ||
| 035 | |a (Au-PeEL)EBL3201410 | ||
| 035 | |a (CaPaEBR)ebr10592370 | ||
| 035 | |a (OCoLC)929376915 | ||
| 040 | |a FlNmELB |b spa |c FlNmELB | ||
| 050 | 4 | |a L7 |b F627 2010 | |
| 080 | |a 37 | ||
| 082 | 0 | 4 | |a 370 |2 22 |
| 100 | 1 | |a Félix Ramos, Katia Lucía. | |
| 245 | 1 | 0 | |a Percepción de las maestras en relación con las políticas de estímulo del centro educativo particular Trilce |h [recurso electronico] |c Katia Lucía Félix Ramos. |
| 260 | |a Lima : |b Pontificia Universidad Católica del Perú, |c 2010. | ||
| 300 | |a 101 p. | ||
| 500 | |a Tesis (maestría) - Pontificia Universidad Católica del Perú. | ||
| 520 | |a Trata de la percepción de las maestras en relación con las políticas de estímulo del centro educativo particular Trilce. | ||
| 533 | |a Recurso electrónico. Santa Fe, Arg.: e-libro, 2015. Disponible vía World Wide Web. El acceso puede estar limitado para las bibliotecas afiliadas a e-libro. | ||
| 650 | 4 | |a Education. |x General. | |
| 650 | 4 | |a Educación. |x General. | |
| 655 | 4 | |a Libros electrónicos. | |
| 700 | 1 | |a Sime Poma, Luis. |4 drt | |
| 710 | 2 | |a e-libro, Corp. | |
| 856 | 4 | 0 | |u https://elibro.unach.elogim.com/es/lc/unach/titulos/85768 |